000 01125nam a2200337 i 4500
001 14735277
003 EG-ScBUE
005 20250617111631.0
008 070215t2007 nyua f 001 0 eng d
020 _a9788847005594
040 _aDLC
_beng
_erda
_cDLC
_dEG-ScBUE
082 0 4 _222
_a539.1
_bRIG
100 1 _aRigamonti, Attilio,
_eauthor.
_97054
245 1 0 _aStructure of matter :
_bAn introductory course with problems and solutions /
_cAttilio Rigamonti, Pietro Carretta.
264 1 _aBerlin :
_bSpringer,
_c[2007]
264 4 _cc2007
300 _axvii, 474 pages :
_billustrations ;
_c24 cm.
336 _2rdacontent
_atext
_btxt
337 _aunmediated
_2rdamedia
_bn
338 _avolume
_bnc
_2rdacarrier
490 0 _aUnitext collana di fisica e astronomia
500 _aIncludes index.
650 7 _aMatter
_xConstitution.
_2BUEsh
_97055
650 7 _aMolecular structure.
_2BUEsh
_97056
650 7 _aPhysics.
_2BUEsh
_97056
655 _vReading book
700 1 _aCarretta, Pietro,
_eauthor.
_97057
906 _bibc
_corignew
_d2
_eepcn
_f20
_gy-gencatlg
942 _2ddc
_cBB
999 _c12065
_d12065